Kontrolný systém v školskej praxi
Požiadavky na uskutočňovanie kontrolnej činnosti v školskej organizácii s dôrazom na vnútroškolskú kontrolu. Kontrola ako súčasť riadenia. Hlavné znaky kontrolného procesu.
Salvato in:
| Autore principale: | |
|---|---|
| Natura: | Capitolo di libro |
| Lingua: | slovacco |
| Soggetti: | |
| Tags: |
Nessun Tag, puoi essere il primo ad aggiungerne!!
|
MARC
| LEADER | 00000naa$a2200000$$$4500 | ||
|---|---|---|---|
| 001 | 0035914 | ||
| 005 | 20231010123502.2 | ||
| 041 | 0 | |a slo | |
| 044 | |a SK | ||
| 245 | 1 | 0 | |a Kontrolný systém v školskej praxi |c Mária Pisoňová |
| 520 | |a Požiadavky na uskutočňovanie kontrolnej činnosti v školskej organizácii s dôrazom na vnútroškolskú kontrolu. Kontrola ako súčasť riadenia. Hlavné znaky kontrolného procesu. | ||
| 610 | 2 | 0 | |a kontrola |
| 610 | 2 | 0 | |a školstvo |
| 610 | 2 | 0 | |a školy |
| 610 | 2 | 0 | |a riadenie |
| 610 | 2 | 0 | |a testy didaktické |
| 610 | 2 | 0 | |a formy kontroly |
| 100 | 1 | |a Pisoňová, Mária | |